000
00208 a2200097 4500
001
14185
100
_a
Collins P
245
_a
Dickens and education
260
_a
London
_b
Macmillan
_c
090
_c
11128
_d
11128
942
_a
NUST-CAE
_c
M
_c
1257
999
_c
249258
_d
249258